Тінь сови (Запис № 17664)

000 -Маркер запису
Контрольне поле сталої довжини 01661nam a22002537a 4500
003 - Належність контрольного номера
Контрольне поле Uzh_bibl
008 - Кодовані дані
Контрольне поле сталої довжини 260507b |||||||| |||| 00| 0 ukr d
020 ## - Індекс ISBN
ISBN 978-617-12-5629-3
Ціна 90.00
040 ## - Джерело каталогіз.
Код мови каталог. укр.
041 ## - Код мови видання
Код мови оригіналу українська
Код мови тексту українська
080 ## - Індекс УДК
Індекс УДК 821(477)
090 ## - Шифри
Поличний індекс 821(477)
Авторський знак Ш 66
100 ## - Автор
Автор Шкляр,Василь
245 ## - Назва
Назва Тінь сови
Продовж. назви Там,де живе душа
Відповідальність передм.А.Куркова.
Фізичний носій Текст
260 ## - Вихідні дані
Місце видання Харків
Видавництво Книжковий Клуб "Клуб Сімейного Дозвілля"
Дата видання 2019
300 ## - Фізичний опис
Обсяг 304 с.
Тип одиниці В опр.
520 ## - Анотація
Анотація Роман «Тінь сови» — найгуманніший з усіх написаних Шкляром. Кохання та журба, на жаль, часто ходять поруч... Життя Катерини і Степана сповнене любові та світлої поезії. І коли приходить біда — як тінь сови, що вони побачили перед весіллям, — заради спокою дружини Степан ладен пожертвувати всім. Смерть сильніша за кохання? Мабуть, навпаки... Непідвладна часу історія кохання, що надихає та дає надію. Кохання, яке перетворюється на легенду...
521 ## - Примітка про цільове призначення
Примітка про цільове призначення Для широкого кола читачів
546 ## - Примітка про мову
Примітка про мову укр.
650 ## - Тематичні рубрики
Основна рубрика Літературно-художнє видання
653 ## - Ключові слова
Ключові слова Кохання
-- Труднощі
655 ## - Термін індексування — жанр/форма
Жанр/форма Проза
Типове ділення Роман
942 ## - ADDED ENTRY ELEMENTS (KOHA)
Джерело класифікації чи схема поличного розташування
Koha item type Книги
Фонди
Статус вилучення Статус втрати/відсутності Джерело класифікації чи схема поличного розташування Статус пошкодження Тип обігу (не для випозичання) Постійне розташування Поточне розташування Розташування у відділі Дата надходження Інвентарний номер Total Checkouts Повний (примірниковий) шифр зберігання Штрих-код Date last seen Дата, для якої чинна ціна заміни Тип одиниці (рівень примірника)
          Бібліотека-філія №3 Бібліотека-філія №3 Абонемент старший відділ 07/05/2026 71701   821(477) 4241 07/05/2026 07/05/2026 Книги

Працює на АБІС Коха